Top 100 des meilleurs footballeurs masculins au monde 2025 - Statistiques

Statistiques générales
  • Ce quiz a été pris 139 fois
  • Le résultat moyen est 50 sur 100
Statistiques - réponses
Place Club Pays Joueur % Correct
1 Paris Saint-Germain France Ousmane Dembélé
98%
4 Real Madrid France Kylian Mbappé
93%
2 FC Barcelone Espagne Lamine Yamal
93%
3 Paris Saint-Germain Portugal Vitinha
87%
7 Paris Saint-Germain Maroc Achraf Hakimi
86%
6 Manchester City Norvège Erling Haaland
86%
5 Bayern Munich Angleterre Harry Kane
86%
9 Liverpool Egypte Mohamed Salah
85%
34 Inter Miami Argentine Lionel Messi
82%
51 Al-Nassr Portugal Cristiano Ronaldo
78%
21 Bayern Munich France Michael Olise
77%
11 Paris Saint-Germain Portugal Nuno Mendes
76%
17 Paris Saint-Germain Portugal João Neves
75%
8 FC Barcelone Brésil Raphinha
75%
12 Chelsea Angleterre Cole Palmer
74%
16 Paris Saint-Germain France Désiré Doué
74%
13 Manchester City Italie Gianluigi Donnarumma
74%
10 FC Barcelone Espagne Pedri
74%
18 Real Madrid Angleterre Jude Bellingham
71%
42 Paris Saint-Germain Brésil Marquinhos
69%
26 Arsenal Angleterre Bukayo Saka
68%
20 Inter Argentine Lautaro Martínez
67%
23 Liverpool Pays-Bas Virgil Van Dijk
67%
27 Paris Saint-Germain Espagne Fabián Ruiz
66%
24 FC Barcelone Pologne Robert Lewandowski
66%
96 Tottenham Pays-Bas Micky van de Ven
65%
25 Atlético Madrid Argentine Julián Álvarez
64%
30 Real Madrid Belgique Thibaut Courtois
64%
22 Real Madrid Brésil Vinícius Júnior
64%
33 Arsenal France William Saliba
64%
15 Arsenal Angleterre Declan Rice
63%
44 Paris Saint-Germain Equateur Willian Pacho
63%
53 Paris Saint-Germain France Bradley Barcola
62%
37 Real Madrid Uruguay Federico Valverde
62%
31 Bayern Munich Colombie Luis Díaz
62%
100 Atlético Madrid France Antoine Griezmann
59%
14 Paris Saint-Germain Géorgie Khvicha Kvaratskhelia
58%
28 Arsenal Suède Viktor Gyökeres
58%
29 Arsenal Brésil Gabriel
57%
45 Arsenal Norvège Martin Ødegaard
57%
19 Naples Ecosse Scott McTominay
57%
35 Liverpool Argentine Alexis Mac Allister
53%
55 Manchester United Portugal Bruno Fernandes
53%
36 Liverpool Allemagne Florian Wirtz
53%
50 Bayern Munich Allemagne Joshua Kimmich
53%
78 Aston Villa Argentine Emiliano Martínez
51%
46 Galatasaray Nigeria Victor Osimhen
51%
73 Naples Belgique Kevin De Bruyne
49%
65 Inter France Marcus Thuram
49%
60 FC Barcelone Pays-Bas Frenkie de Jong
48%
39 Borussia Dortmund Guinée Serhou Guirassy
47%
48 Liverpool Suède Alexander Isak
46%
71 Real Madrid Turquie Arda Güler
46%
40 Inter Pays-Bas Denzel Dumfries
46%
47 Chelsea Argentine Enzo Fernández
46%
32 Chelsea Equateur Moisés Caicedo
46%
62 Inter Italie Nicolò Barella
46%
57 Athletic Bilbao Espagne Nico Williams
45%
94 Bayern Munich Allemagne Manuel Neuer
43%
38 Liverpool Hongrie Dominik Szoboszlai
42%
67 Liverpool France Hugo Ekitiké
42%
76 Chelsea Brésil João Pedro
41%
61 Manchester City Angleterre Phil Foden
41%
80 FC Barcelone France Jules Koundé
40%
41 Liverpool Pays-Bas Ryan Gravenberch
40%
49 Liverpool Brésil Alisson
38%
72 Manchester City Portugal Bernardo Silva
38%
64 Inter Suisse Yann Sommer
38%
52 Inter Turquie Hakan Çalhanoğlu
37%
43 Bayern Munich Allemagne Jamal Musiala
37%
75 Manchester City Belgique Jérémy Doku
37%
91 AC Milan Portugal Rafael Leão
37%
74 Manchester City Espagne Rodri
37%
54 Inter Italie Alessandro Bastoni
36%
68 FC Barcelone Espagne Pau Cubarsí
36%
84 Manchester City Portugal Rúben Dias
36%
63 Chelsea Espagne Marc Cucurella
35%
95 Marseille Angleterre Mason Greenwood
33%
93 Manchester City Croatie Josko Gvardiol
31%
85 Bayer Leverkusen Espagne Álex Grimaldo
30%
58 Arsenal Espagne David Raya
30%
77 Manchester United Cameroun Bryan Mbeumo
29%
86 Côme Argentine Nico Paz
27%
69 Newcastle Brésil Bruno Guimarães
26%
99 Inter Italie Federico Dimarco
26%
89 Juventus Turquie Kenan Yildiz
26%
90 Arsenal Espagne Mikel Merino
26%
98 Real Madrid Angleterre Trent Alexander-Arnold
26%
70 Arsenal Espagne Martín Zubimendi
24%
59 Chelsea Brésil Estêvão
23%
56 Arsenal Angleterre Eberechi Eze
22%
97 Real Betis Brésil Antony
21%
82 Newcastle Allemagne Nick Woltemade
21%
79 Manchester City Pays-Bas Tijjani Reijnders
21%
83 Naples Cameroun André-Frank Zambo Anguissa
19%
88 Bournemouth Ghana Antoine Semenyo
19%
66 FC Barcelone Espagne Fermín López
19%
81 Real Sociedad Espagne Mikel Oyarzabal
18%
92 Real Madrid Espagne Dean Huijsen
12%
87 Flamengo Uruguay Giorgian de Arrascaeta
3%
Aucun quiz correspondant
Distribution des résultats
% des personnes avec chaque résultat
Percentile par nombre de réponses
Votre historique - résultats
Vous n’avez pas pris ce quiz